[Event "Elenite"]
[Site "Elenite"]
[Date "1995.??.??"]
[Round "9"]
[White "Topalov, Veselin"]
[Black "Miladinovic, Igor"]
[Result "1-0"]
[WhiteElo "2670"]
[BlackElo "2555"]
[Annotator "Topalov,V"]
[PlyCount "101"]
[EventDate "1995.09.??"]
[EventType "tourn"]
[EventRounds "9"]
[EventCountry "BUL"]
[EventCategory "15"]
[SourceTitle "CBM 050"]
[Source "ChessBase"]
[SourceDate "1996.02.01"]
[SourceVersion "1"]
[SourceVersionDate "1996.02.01"]
[SourceQuality "1"]

1. e4 {Dolmatov Mowsziszian Ribli} c5 2. Nf3 Nc6 3. d4 cxd4 4. Nxd4 Qc7 5. Nc3
e6 6. Be3 a6 7. Bd3 Nf6 8. O-O (8. Qe2 Bd6 9. g3 Be5 10. Nxc6 Qxc6 11. Bd2 b5
$10) 8... h5 $5 {Ribli: Mit dieser seltenen Fortsetzung will der Nachziehende
die Stellung verschaerfen. /\Ng4} (8... Ne5) (8... Ne5 {Dolmatov} 9. h3 Bc5 10.
Na4 Ba7 11. c4 d6 12. Rc1 Bd7 13. Nc3 $14) 9. h3 b5 {Ribli: Miladinovics
Lieblings Fortsetzung.} (9... Nxd4 10. Bxd4 Bc5 11. Bxc5 (11. Be2 Qd6 (11... d6
{Mowsziszian} 12. Bxc5 Qxc5 13. Qd3 b5 14. Rfd1 Ke7 $10) 12. Bxc5 Qxc5 13. Qd3
b5 14. Qg3 Bb7 15. e5 h4 $1 16. Qf4 Nh5 $15 {Kulaots,K-Miezis,N/Riga zt/1995/
CBM47/}) 11... Qxc5 12. Na4 $14 {/\ 13.c4} (12. Qf3 {Ribli} h4 $1 {Gegen Qg3}
13. Rad1 d6 {Gulobev})) 10. Nxc6 $5 (10. a3 $5 Bb7 11. Qe1 (11. Qe2 {Ribli} h4
12. f4 Nh5 13. Qf2 Be7 $13 {Agnos,D-Miladinovic,I/Ano Liosia/1995/EXP46/}) (11.
Qe1 Rc8 (11... h4 $5) 12. f4 Nxd4 13. Bxd4 Bc5 14. Bxc5 Qxc5+ 15. Kh1 d6 16.
Qh4 $36 {Mainka,R-Miladinovic,I/Ano Liosia/1995/EXP46/})) 10... Qxc6 (10...
dxc6 $6 11. a4 (11. f4 $16 {Dolmatov}) 11... Bb7 12. f4 $16) 11. a3 (11. e5 {
Dolmatov} Bb7 12. Qf3 Qxf3 13. gxf3 b4 $10) 11... Bb7 12. Re1 $5 {Eine
interessante neue Idee.} (12. Qe2 $5) (12. Bg5 {Mowsziszian} Bc5 13. Re1 d6 14.
Bxf6 gxf6 15. Nd5 $5 Kd8 $1 16. Qf3 (16. Nxf6 Bd4 17. Qf3 Bxb2 18. Ra2 Bc3 {
/\Qc5-Qg5}) 16... f5 17. c4 $13) (12. f4 {Dolmatov} Bc5 13. Qf3 Qb6 $10) (12.
Qe2 {Dolmatov} Rc8 13. f4 h4 14. Rf2 b4 15. axb4 Bxb4 16. Ra4 $14) 12... Bd6 {
Droht /\ Be5} (12... b4 13. axb4 Bxb4 14. Bd4 d6 15. Re2 e5 $2 16. Nd5 $1) (
12... Bc5 {Dolmatov} 13. Bf1 Bxe3 14. Rxe3 d6 15. Qf3 $14) 13. Bd4 (13. f4 $5)
13... e5 (13... Bb8 {Mowsziszian /\Qd6} 14. Bf1 $1 {/\e4-e5,Ne4}) (13... Bf4 {
Dolmatov} 14. Bf1 $16) 14. Be3 b4 (14... Bc5 $5 {Ribli} 15. Qf3 Bxe3 16. Qxe3
d6 $13) 15. axb4 Bxb4 16. Bd2 (16. Ra4 $2 {Dolmatov} Bxc3 17. Rc4 Bxe1 18. Rxc6
Bxf2+ $10) 16... O-O (16... d6 17. Qf3) 17. Qf3 {Mowsziszian: Weiß will d7-d5
verhindern.} Rfe8 (17... Qe6 $5 $13) 18. Rad1 $14 {/\ 19.Nd5} Bxc3 $6 {Schwarz
will Nd5 nicht lassen.} (18... a5 $142) (18... Rac8 19. Nd5 Bxd2 20. Nxf6+ Qxf6
21. Qxf6 gxf6 22. Rxd2 $14) (18... a5 {Ribli} 19. Nd5 Bxd2 (19... Nxd5 20. exd5
Qxd5 21. Be4 $18 (21. Be4 Qxd2 22. Bxb7 $1 $18 (22. Rxd2 Bxe4 23. Rxe4 Bxd2 $14
))) 20. Nxf6+ Qxf6 21. Qxf6 gxf6 22. Rxd2 $14) 19. Bxc3 Qe6 {Der Nachziehende
steht wegen seines "aktiven" h5-Bauern schlechter.} 20. b3 (20. Qg3 Rac8 21.
Bd2 d5 $14) 20... Rac8 21. Bb2 (21. Bc4 $2 Rxc4 22. bxc4 Rc8 $44) 21... h4 $8 {
Schwarz will Qg3 verhindern.} (21... d5 $6 22. exd5 Bxd5 23. Qg3 $16 {>< e5})
22. Qe3 $6 {Ribli: Weiss verhindert d5 und droht /\ Qg5, aber
hoechstwarscheinlich hat er den Partiezug unterschaetzt.} (22. c4 $1 Qb6 23.
Rb1 $16 {/\ Bb2-c1-g5}) (22. Bc4 Rxc4 23. bxc4 Qxc4 $44) 22... Nh5 $1 23. Qg5 {
><h4} Nf4 24. Bc4 (24. c4 Qf6 $5 (24... Nxd3 25. Rxd3 a5 $13 {Droht /\ a4}) 25.
Qxf6 gxf6 $14) (24. Qxh4 $2 Nxd3 25. cxd3 (25. Rxd3 {Dolmatov} Rxc2) 25... Qxb3
$10) 24... Rxc4 (24... Qe7 {Ribli} 25. Qxe7 Rxe7 26. Ba3 $18 {/\Rd7}) 25. bxc4
Bc6 (25... Ng6 26. Qf5 $1 $16) (25... Qxc4 $2 {Dolmatov} 26. Bxe5 Ng6 27. Bd4
$16) 26. c5 (26. Qxh4 $2 {Dolmatov} Qxc4 27. Bxe5 $2 Ne2+ (27... Ng6) 28. Rxe2
Qxe2) 26... Ng6 $14 (26... f6 $5 {Dolmatov} 27. Qxh4 Qc4 28. Qg4 (28. g3 Ne2+
29. Kh2 Qxc2 $13) 28... Qxc2 29. Bc1) 27. Qe3 a5 {Der Nachziehende hat einige
Kompensation fuer die verlorene Qualitaet.} 28. Qc3 a4 29. Rd6 Qe7 30. Bc1 {
Mowsziszian: Die Stellung ist nicht leicht zu gewinnen, Weiß muss zuerst die
Figurenaufstellung verbesseren.} Ra8 31. f3 Kh7 32. Be3 Qe8 $6 (32... Nf4) (
32... f6) (32... Qf8) 33. Ra1 Rb8 $2 {Ribli: Nur Tempoverlust} (33... Nf4 34.
Qd2 Ne6 $5) (33... f6) (33... f6 $5 {Ribli /\ Qf7,f5}) (33... f6 34. Qe1 (34.
Bf2 $2 {Dolmatov} Nf4 35. Qe1 Qg6)) 34. Rdd1 $1 Qe6 35. Kh2 f6 $6 $138 {
Ribli: Warum nicht sofort f5!?.} (35... f5 $1 $132) 36. Rdb1 Ra8 37. Rb4 $16 {
/\ Qe1, Be3-f2:h4} Qf7 (37... Ne7 $5 {Dolmatov /\g5}) 38. Qe1 {Droht /\ Bf2,
Bh4 /\Bf2-Bh4} f5 $8 {Ribli: Na endlich, aber schon zu spaet, weil der weisse
Turm auf b4 ausgezeichnet steht.} (38... a3 39. Qc3 a2 40. Qb3 $18) (38... Qe7
$5 {Dolmatov} 39. Bf2 Nf4 40. Bxh4 Qxc5 $132) 39. exf5 Qxf5 40. Qc3 Re8 (40...
e4 41. fxe4 Bxe4 42. Raxa4 Rxa4 43. Rxa4 Nf4 44. Bxf4 Qxf4+ 45. Kg1 $16) 41.
Rg4 $1 Re6 (41... e4 42. f4) 42. Rb1 Re8 43. Rbb4 {/\Bg5-Bh4} e4 (43... Re6 {
Dolmatov} 44. Bg5) 44. f4 (44. fxe4 $5 {Ribli} Rxe4 (44... Bxe4 {Mowsziszian}
45. Rxa4 Bxc2) (44... Qe5+ {Dolmatov} 45. Qxe5 Rxe5) 45. Rgxe4 Bxe4 46. Rxa4
$16) 44... Qf7 45. Bd4 $1 Bd5 {Droht /\ Be6} (45... Nxf4 46. Rxg7+ Qxg7 47.
Bxg7 Nd5 48. Qe1 $1 Nxb4 49. Ba1 $18) 46. f5 $1 (46. Rxa4 Be6) 46... Qxf5 47.
Rxa4 $18 Bc6 48. Rb4 {/\ 49.Qe3 Droht /\ Qe3,Rg5} e3 (48... Re7 {Mowsziszian}
49. Qe3 {/\Rb8 nebst Rg5-Rh5+}) (48... Qf7 {Dolmatov} 49. Qe3) 49. Bxe3 Qd5 50.
Rg5 (50. Rxg6 $2 Kxg6 51. Rg4+ Kh5 52. Rg5+ $2 Qxg5 53. Bxg5 Re2 $1 $10) 50...
Re5 51. Rbg4 $1 (51. Rxh4+ $6 Nxh4 52. Qxe5 Qxg2+ 53. Rxg2 Nf3+ 54. Kg3 Nxe5)
1-0

[Event "Belgrade Investbank"]
[Site "Belgrade"]
[Date "1995.??.??"]
[Round "1"]
[White "Topalov, Veselin"]
[Black "Beliavsky, Alexander G"]
[Result "1-0"]
[WhiteElo "2670"]
[BlackElo "2650"]
[Annotator "Wedberg,T"]
[PlyCount "80"]
[EventDate "1995.11.??"]
[EventType "tourn"]
[EventRounds "11"]
[EventCountry "YUG"]
[EventCategory "17"]
[SourceTitle "CBM 051"]
[Source "ChessBase"]
[SourceDate "1996.04.01"]
[SourceVersion "1"]
[SourceVersionDate "1996.04.01"]
[SourceQuality "1"]

1. e4 e5 2. Nf3 Nc6 3. Bb5 a6 4. Ba4 Nf6 5. O-O Be7 6. Re1 b5 7. Bb3 d6 8. c3
O-O 9. h3 Nd7 10. d4 Bf6 11. a4 Bb7 12. Na3 Nb6 13. d5 Na5 $6 {N} (13... Ne7)
14. axb5 axb5 15. Be3 Nbc4 (15... Nxb3 16. Qxb3 c6 17. dxc6 Bxc6 18. Nxb5 Rxa1
19. Rxa1 Bxe4 20. Nd2 Bf5 21. Nxd6 Qxd6 22. Qxb6 $16) 16. Bxc4 bxc4 17. Nd2 c6
18. Naxc4 Nxc4 19. Rxa8 Bxa8 20. Nxc4 cxd5 21. exd5 $16 Be7 22. Qd2 f5 23. f4
Qc7 24. b3 Bf6 25. fxe5 dxe5 26. Bb6 Qb7 27. d6 f4 28. Rf1 Qd7 29. Bc7 Qb5 30.
Nb6 Bb7 31. b4 f3 32. c4 Qe8 33. Nd5 Bh4 34. d7 Qg6 35. b5 (35. d8=Q Bxd8 36.
Bxd8 Rxd8 37. Ne7+ Kf7 38. Nxg6 Rxd2 39. Nxe5+ Ke6 40. Nxf3 Rb2 41. b5 Kd6 $16)
35... Kh8 36. Ne3 Bg5 37. Rf2 Qe4 38. Rxf3 Qb1+ 39. Nf1 $1 Bxf3 40. Qxg5 Be2
1-0

[Event "Belgrade Investbank"]
[Site "Belgrade"]
[Date "1995.??.??"]
[Round "11"]
[White "Miladinovic, Igor"]
[Black "Topalov, Veselin"]
[Result "0-1"]
[WhiteElo "2555"]
[BlackElo "2670"]
[Annotator "Stohl,I"]
[PlyCount "139"]
[EventDate "1995.11.??"]
[EventType "tourn"]
[EventRounds "11"]
[EventCountry "YUG"]
[EventCategory "17"]
[SourceTitle "CBM 051"]
[Source "ChessBase"]
[SourceDate "1996.04.01"]
[SourceVersion "1"]
[SourceVersionDate "1996.04.01"]
[SourceQuality "1"]

1. d4 {Hecht} Nf6 2. Bg5 e6 3. c3 h6 (3... b6 4. e4 h6 5. Bxf6 Qxf6 6. e5 Qe7
7. Qf3 Nc6 8. Qg3 Bb7 9. Nd2 O-O-O 10. f4 g5 11. fxg5 Qxg5 12. Qf2 Be7 13. Nh3
Qg7 14. Be2 f6 15. exf6 Bxf6 16. Bf3 Rhf8 17. Qe2 h5 18. O-O-O h4 19. Kb1 Kb8
$17 {[%csl Gb7,Gd7,Ge6,Gf6] ^^[+],Qi,J-Karpov,A/Luzern tt WCh/1985/}) (3... Be7
4. Nd2 d5 5. Ngf3 (5. e3 Nbd7 6. f4 $5 b6 7. Bd3 Bb7 8. Bxf6 Bxf6 9. Ngf3 g6
10. Ne5 a6 11. Qf3 Bg7 12. h4 Qe7 13. h5 c5 14. O-O-O O-O-O 15. Kb1 c4 16. Bc2
Kb8 17. e4 b5 18. exd5 Nxe5 19. fxe5 Bxd5 20. Be4 $16 {Bohm,H-Van Doorn,R/
NLD-chT9495/1995/}) 5... b6 6. e3 Bb7 7. Bb5+ c6 8. Bd3 Nbd7 9. O-O O-O 10. a4
c5 11. a5 c4 12. Bc2 b5 13. a6 Bc6 14. Ne5 Nxe5 15. dxe5 Nd7 16. Bxe7 Qxe7 17.
f4 f5 18. Nf3 Nc5 19. Nd4 Bd7 20. g4 $36 {Hort,V-Cramling,P/Biel/1984/}) 4. Bh4
(4. Bxf6 Qxf6 5. Nd2 g6 6. e4 d6 7. Ngf3 Nd7 8. Bd3 Bg7 9. O-O Qe7 10. Nc4 e5
11. dxe5 dxe5 12. b4 O-O 13. Qc2 Rd8 14. a4 Nf8 15. a5 Bg4 16. Ne1 a6 17. Ne3
Be6 18. Nf3 Nh7 19. Rfd1 Ng5 20. Nxg5 Qxg5 21. c4 c6 22. c5 Rd4 23. Bc4 $10 {
1/2/Backwinkel,P-Goetz,R/BL 8889/1988/}) 4... b6 5. Nd2 Bb7 (5... Ba6 $5 6.
Ngf3 Be7 7. Qc2 d5 8. e4 Bxf1 9. Rxf1 Nbd7 10. O-O-O O-O 11. Rfe1 b5 12. Kb1 $2
Nxe4 13. Nxe4 Bxh4 14. Nxh4 Qxh4 15. g3 Qh3 16. Nd2 Nf6 17. f3 Rfe8 $17 {
Gonzalez Mateos,R-Garcia Palermo,C/Oviedo 25'/1993/}) 6. Ngf3 (6. e3 d6 7. f3
Be7 8. Bd3 O-O 9. Ne2 c5 10. e4 cxd4 11. cxd4 e5 12. Bg3 exd4 13. Nxd4 Nh5 14.
Nf5 Nc6 15. Nc4 Nxg3 16. hxg3 Ne5 17. O-O Nxc4 18. Bxc4 d5 19. Nxe7+ Qxe7 20.
Bxd5 Rad8 21. Qd4 Qg5 22. Rad1 Qxg3 23. Qf2 Qc7 24. Rc1 $10 {1/2/Ivanchuk,
V-Adams,M/Belgrade/1995/}) 6... d6 $5 7. Bxf6 (7. e3 Nbd7 $10 {[%cal Ye6e5,
Yg7g5,Yf6h5] /\e5,g5,Nh5}) 7... Qxf6 8. e4 Nd7 9. a4 a6 $10 10. Bd3 g6 11. a5
$6 (11. Qe2 Bg7 12. O-O O-O $10) 11... b5 12. c4 bxc4 13. Nxc4 Qe7 (13... Bg7
$5 14. e5 Qe7 $15) 14. O-O Bg7 15. Rc1 O-O $15 {[%csl Gb7,Gg7] ^^ Opening the
position for Black's Bishop pair was not a good idea, with his compact pawn
structure Black is already slightly better.} 16. Re1 Rfb8 17. Qc2 (17. b4 $6 d5
18. exd5 Bxd5 $17) 17... Ra7 $1 18. Qa4 Ba8 {[%cal Gb8b2] <->b} 19. Qa3 Qd8 20.
Bc2 Bf8 21. Qe3 Rab7 (21... d5 $5 $36) 22. h4 Rb4 23. b3 Bg7 24. Qd2 R4b5 25.
Na3 R5b7 26. Qd3 Ra7 27. Qe3 d5 $1 $36 {After thorough preparation Black opens
the position for his B-pair and his advantage grows.} (27... c5 $6 28. dxc5
Nxc5 29. Nc4 $13) 28. exd5 (28. e5 c5 $1 {[%csl Ra5,Rd4,Re5] ><a5,[+]}) 28...
Bxd5 29. Nc4 Rb5 30. Be4 Nf6 (30... Bxc4 $2 31. bxc4 Rxa5 32. d5 $36) 31. Bxd5
Nxd5 32. Qe4 Qf6 (32... Rxb3 $5 33. Nce5 Qf6 $17) 33. Nce5 Qf5 (33... Rxb3 $5 {
-32...Rxb3}) 34. Nc6 Qxe4 35. Rxe4 Ra8 36. Nd2 Kf8 37. Rc5 Ke8 $1 $17 {[%cal
Rb5c5,Re8d7] /\Rc5,Kd7 Black's advantage has now a different form-better pawn
structure and more active K. White will be unable to protect all his
weaknesses in the long run.} 38. Rxb5 (38. Rc2 Kd7 {[%cal Rd5b4] /\Nb4}) 38...
axb5 {[%csl Ra5] ><a5} 39. Re1 Bf8 (39... Kd7 40. Rc1 Ra6 $4 41. Nb8+ $18) 40.
Ne4 f6 (40... Ra6 41. Rc1 f5 $17) 41. g4 Ra6 42. Rc1 f5 43. gxf5 gxf5 44. Nd2
Nb4 $1 45. Nxb4 (45. Ne5 Bd6 46. Ra1 $6 Nc2 $19) 45... Bxb4 {Hecht: TS-TL:
starker L, aktiver sK, weiße B-Schwächen, Technik} 46. Nf3 Bxa5 47. Ra1 Ra7 48.
h5 (48. Kf1 Bb6 $19) 48... Kd7 $1 {[%csl Rd4][%cal Yd7d5] /\Kd6-d5,><d4} 49.
Kh2 Kd6 50. Rg1 c6 51. Rg6 Rh7 52. Kg3 Kd5 53. Kf4 Bc7+ $1 (53... Bb6 $6 54. b4
$132) 54. Ke3 Bb6 55. Kd3 (55. b4 e5 $1 $19) 55... c5 56. dxc5 Bxc5 57. Ke2 $8
Ra7 $1 $19 {[%csl Gd5,Ge6,Gf5] [+] Black's powerfully centralized pieces and
passed pawns will decide, the h-pawn is simply too slow.} 58. Rxh6 Ra2+ 59. Kd1
(59. Kd3 e5 $1 {[%cal Re5e4,Rb5b4] /\e4,b4#}) 59... Rxf2 60. Nh4 Rh2 61. Nf3 (
61. Ng6 e5 $19) 61... Rh1+ 62. Ke2 e5 63. Rh8 e4 64. Rd8+ Ke6 65. Ng5+ Kf6 66.
Nh7+ Ke5 (66... Ke7 $6 67. Rd5 $132) 67. Re8+ Kf4 $40 68. Nf6 $8 Rh2+ 69. Kd1
Bd4 70. Nd5+ (70. Nd5+ Kf3 {[%cal Rh2h5,Re4e2] /\Rh5,e3-e2-+}) 0-1

[Event "Hoogovens"]
[Site "Wijk aan Zee"]
[Date "1996.01.18"]
[Round "5"]
[White "Topalov, Veselin"]
[Black "Piket, Jeroen"]
[Result "1-0"]
[WhiteElo "2700"]
[BlackElo "2570"]
[Annotator "Wedberg,T"]
[PlyCount "135"]
[EventDate "1996.01.13"]
[EventType "tourn"]
[EventRounds "13"]
[EventCountry "NED"]
[EventCategory "17"]
[SourceTitle "CBM 051"]
[Source "ChessBase"]
[SourceDate "1996.04.01"]
[SourceVersion "1"]
[SourceVersionDate "1996.04.01"]
[SourceQuality "1"]

1. e4 e5 2. Nf3 Nc6 3. Bb5 a6 4. Ba4 Nf6 5. O-O Be7 6. Re1 b5 7. Bb3 d6 8. c3
O-O 9. h3 Bb7 10. d4 Re8 11. Nbd2 Bf8 12. d5 Ne7 (12... Nb8) 13. Nf1 (13. c4
Nd7 14. Bc2 c6 15. b3 Rc8 16. Nf1 Qc7 17. Ne3 $14 {Anand,V-Deshmukh,A/Calcutta/
1992}) 13... Ng6 14. N3h2 Nd7 {N} (14... Qd7 15. Ng4 Nxe4 $5 16. Rxe4 f5 17.
Re1 fxg4 {Rodriguez,Am-Arencibia,W/Capablanca mem-B/1994} 18. Qxg4 Qxg4 19.
hxg4 Ne7 20. Rd1 $14) 15. a3 Nc5 16. Ba2 Nf4 17. c4 c6 18. cxb5 cxb5 19. Bb1 a5
20. h4 g6 21. g3 Nh5 {The main theme of this game is the positioning of the
minor pieces. White constantly tries to push blacks minors away from the good
central squares.} 22. Ng4 Qe7 23. Bc2 Bc8 24. b3 Bd7 (24... f5 25. exf5 gxf5
26. Nxe5 Nxg3 27. Nxg3 dxe5 28. Qh5 $40) 25. Nh6+ Kh8 26. Qf3 f6 27. Bd2 Rec8
28. Rec1 Be8 29. Ng4 Bg7 30. Qe2 Qb7 31. Nge3 Bf8 32. Qe1 Qb6 33. b4 $14 axb4
34. axb4 Rxa1 35. Rxa1 Na4 36. Ra3 Bd7 37. Rb3 Be7 38. Bd3 Ng7 39. Nh2 Bd8 40.
Qe2 Qa6 41. Kg2 Nb6 42. Rc3 Rxc3 43. Bxc3 {White has a space advantage. And
blacks minor pieces are just defending.} Na4 44. Be1 Kg8 45. Nhg4 h5 $2 {
Now white gets someting to attack on the kingside. Its a long way back for Na4
to the defence.} 46. Nh2 Bb6 47. Nhf1 {Whites minor pieces looks a bit cramped.
But its just temporary. In fact they are quite mobile, with easy access to
both flanks.} Kf7 48. Nd1 Ba7 49. Nfe3 Qb6 50. f3 Qb7 51. Nc2 Ne8 52. Kh2 Qa6
53. Nce3 Bd4 54. f4 $1 $16 {Now the h5-P looks really weak.} Qb6 55. f5 Ng7 56.
fxg6+ Kxg6 57. Nf5 $1 Nxf5 58. exf5+ Bxf5 59. Bxf5+ Kxf5 60. Qc2+ $1 {A series
of Q-checks forces the black K into a mating net.} (60. Qxh5+ $2 Ke4 $13) 60...
e4 (60... Kg4 61. Qe4#) 61. Qc8+ Kg6 62. Qg8+ Kf5 (62... Kh6 63. Bd2+ e3 64.
Nxe3 Bxe3 65. Qh8+ Kg6 66. Qe8+ $18) 63. Qh7+ Ke5 64. Qxh5+ f5 65. Qf7 Be3 66.
Kg2 $1 {The K delivers the final blow by preparing Bf2 after an exchange on e3.
} f4 (66... Bc1 67. Bf2 e3 68. Nxe3 Bxe3 69. Qe6+ Kd4 70. Bxe3+ $18) 67. gxf4+
Bxf4 68. Nf2 1-0

[Event "Hoogovens"]
[Site "Wijk aan Zee"]
[Date "1996.01.21"]
[Round "7"]
[White "Topalov, Veselin"]
[Black "Huebner, Robert"]
[Result "1-0"]
[WhiteElo "2700"]
[BlackElo "2635"]
[Annotator "Ribli,Z"]
[PlyCount "73"]
[EventDate "1996.01.13"]
[EventType "tourn"]
[EventRounds "13"]
[EventCountry "NED"]
[EventCategory "17"]
[SourceTitle "CBM 051"]
[Source "ChessBase"]
[SourceDate "1996.04.01"]
[SourceVersion "1"]
[SourceVersionDate "1996.04.01"]
[SourceQuality "1"]

1. e4 {Fritz} c5 2. Nf3 e6 3. d4 cxd4 4. Nxd4 Nc6 5. Nc3 Qc7 6. Be3 a6 7. Bd3
Nf6 8. O-O Bd6 (8... Ne5) 9. f4 $5 Bc5 (9... Nxd4 10. e5 $1 $44 Bc5 11. exf6
Nxc2 12. fxg7 Bxe3+ 13. Kh1 Rg8 14. Qxc2 Rxg7 15. Rae1 Bxf4 16. Rxf4 Qxf4 17.
Nd5 Qh4 18. Re4 $1 $18 {Azmayparashvili,Z-Kurajica,B/Strumica/1995/INF64,192/})
10. Nf5 (10. Be2 $6 Qb6 11. Na4 Bxd4 12. Nxb6 Bxe3+ 13. Kh1 Bxb6) 10... Ne7 $6
{Mit diesem Zug erzwingt Schwarz seinen Gegner eine Figur zu opfern.} (10...
Bxe3+ $5 11. Nxe3 d6 (11... Qb6 $6 12. Qd2) 12. Kh1 O-O 13. g4 $13 {Schmid,
L-Panno,O/Lugano olm/1968/INF06,472/}) (10... Qb6 $6 11. Nxg7+) 11. Nxg7+ Kf8
12. Bxc5 Qxc5+ 13. Kh1 Kxg7 14. e5 Ne8 15. Ne4 Qc7 16. Qh5 Ng6 17. Nf6 $5 $146
{[#] Mit dieser Neuerung will Weiss seinen Angriff beschleunigen.} (17. Rf3 d5
18. Ng5 $44 {Tseitlin,Ma-Faerman/Israel/1993/INF57,192/}) 17... Qd8 (17... Nxf6
$2 18. exf6+ Kxf6 (18... Kf8 19. Qh6+ Ke8 20. Bxg6 fxg6 21. Qg7) 19. f5 $40 {
>< f7}) (17... d6 $2 18. Qxh7+ Kf8 (18... Rxh7 19. Nxe8+ Kf8 20. Nxc7 $18) 19.
Nxe8 Kxe8 20. Qg7 $1 $18 {Droht /\ Bxg6}) (17... d5 18. Qxh7+ $1 (18. Bxg6 fxg6
$1 19. Qxh7+ Rxh7 20. Nxe8+ Kf8 21. Nxc7 Rxc7) 18... Rxh7 (18... Kf8 19. Nxe8
Kxe8 20. Qg7 {/\21.B:g7}) 19. Nxe8+ Kf8 20. Nxc7 Ra7 21. f5 $1) 18. f5 $1 exf5
19. Qxf5 d5 (19... d6 20. Nxe8+ Qxe8 (20... Rxe8 21. Qxf7+ Kh6 22. Rf6 Rg8 23.
exd6 $18) 21. Qf6+ Kg8 22. exd6 $18) (19... Nxf6 20. exf6+ Kg8) 20. Qg5 {
Weiss hat nur einen Bauern fuer den geopferten Bauern, aber seine Figuren,
besonders der f6-Springer, begrenzen sehr stark die schwarze Befreiung.} (20.
Nh5+ Kh6) 20... Be6 21. Rae1 $1 Qa5 $2 {Es nicht so leicht dem Nachziehenden
einen guten Rat zu geben, aber jetzt wird die schwarze Dame bei der
Verteidugung fehlen.} (21... Rc8 22. h4 h6 $5 23. Qg3 h5 24. Qg5 Bg4 $13) (
21... Rg8 $142 $1 {Fritz} 22. Qh5 (22. Bxg6 hxg6 23. Nh5+ Kh7 $19) 22... Nxf6
23. exf6+ Kh8 24. Rxe6 fxe6 25. f7 Rg7 26. Bxg6) 22. Nh5+ {Nun rollt der
schwarze Angriff unaufhaltsam voran.} Kf8 (22... Kg8 23. Qh6) 23. Bxg6 hxg6 24.
Nf4 $1 {>< e6,g6} Bf5 (24... Kg7 25. Nxe6+ fxe6 26. Qe7+ Kh6 27. Re3 $18) (
24... Kg8 25. Nxe6 fxe6 26. Qxg6+ Ng7 27. Qf7+ Kh7 28. Re3 $18) (24... Ng7 25.
Nxg6+ Kg8 26. Nxh8 Kxh8 27. Re3 $18) 25. e6 $1 {[#] Weiss will den wichtigsten
Verteidiger beseitigen --f7-Bauer--, dem schwarzen Koenig ist nicht mehr zu
helfen.} Qc7 (25... f6 26. Nxg6+ Bxg6 27. Qxg6 $18 (27. Rxf6+ $5)) 26. exf7
Kxf7 (26... Qxf7 27. Re7 $1 Qxe7 (27... Qf6 28. Nxg6+ $18) 28. Nxg6+ $18) 27.
g4 $1 {Ausgezeichnet gespielt. Weiss gewinnt die geopferten Figur mit gutem
Spiel zurueck.} Qxc2 (27... Qd8 28. Qxd8 Rxd8 29. gxf5 gxf5 30. Ne6 $18) (27...
Be4+ 28. Rxe4 $1 dxe4 29. Nd5+ $18) 28. Re2 Qc6 (28... Be4+ 29. Ng2+ $18) 29.
gxf5 d4+ 30. Kg1 d3 31. Qe7+ (31. Re7+ $1 Kg8 32. Nxg6 Qc5+ (32... Qf6 33.
Rxe8+ $18) 33. Rf2 Rxh2 (33... Rh7 34. Ne5+ Rg7 (34... Ng7 35. f6 $18) (34...
Kh8 35. Rxh7+ Kxh7 36. Qg6+ Kh8 37. Nf7#) 35. Rxg7+ Nxg7 36. f6 $18) 34. Ne5+
Kh8 (34... Kf8 35. Nd7#) 35. Nf7+ Kh7 36. Qg6#) 31... Kg8 32. Re6 Rh7 33. Nxg6
Rxe7 34. Nxe7+ Kf7 35. Nxc6 bxc6 36. Rd1 Rd8 37. Re3 1-0